| 000 | 01000cam a2200289 a 4500 | ||
|---|---|---|---|
| 001 | 28005 | ||
| 003 | BD-RjUL | ||
| 005 | 20211209051228.0 | ||
| 008 | 140329s1981 nyuaf b 001 0 eng | ||
| 020 | _a0870030299 : | ||
| 020 | _a0870030302 (pbk.) : | ||
| 035 | _a(BD-RjUL)28086 | ||
| 040 |
_aDLC _cDLC _dDLC _beng |
||
| 041 | _aeng | ||
| 082 | 0 | 0 |
_a320.540954915 _219 _bHAI 1981 |
| 100 | 1 |
_aHarrison, Selig S. _982316 |
|
| 245 | 1 | 0 |
_aIn Afghanistan's shadow : _bBaluch nationalism and Soviet temptations / _cSelig S. Harrison. |
| 260 |
_aNew York : _bCarnegie Endowment for International Peace, _cc1981. |
||
| 300 |
_axi, 228 p., [5] p. : _bill. ; _c24 cm. |
||
| 504 | _aIncludes bibliographical references and index. | ||
| 650 | 0 |
_aBaluchi (Southwest Asian people) _xPolitics and government. _985893 |
|
| 650 | 0 |
_aNationalism _zBaluchistan. _985894 |
|
| 651 | 0 |
_aBalochistān (Pakistan) _xPolitics and government. _985895 |
|
| 942 |
_2ddc _cBK |
||
| 999 |
_c28005 _d28005 |
||